banner koha

A hora e a história / (Registro n. 8597)

MARC details
000 -LÍDER
campo de controle de tamanho fixo 01724nam a2200253 a 4500
001 - NÚMERO DE CONTROLE
campo de controle BS0003537
003 - IDENTIFICADOR DO NÚMERO DE CONTROLE
campo de controle BR-BrBNA
005 - DATA E HORÁRIO DA ÚLTIMA TRANSAÇÃO
campo de controle 20230418192336.0
008 - CAMPO DE DADOS FIXOS--INFORMAÇÃO GERAL
campo de controle de tamanho fixo 230308b |||||||| |||| 00| 0 por d
040 ## - FONTE DA CATALOGAÇÃO
Instituição da catalogação original BR-BrBNA
Idioma da catalogação por
Instituição que transcreveu o registro Biblioteca Nacional de Agricultura
041 ## - CÓDIGO DE IDIOMA
Código do idioma do texto/trilha sonora ou título diferente por
072 ## - CÓDIGO DE CATEGORIA DE ASSUNTO
Código de Categoria de Assunto B52
090 ## - NÚMERO DE CHAMADA LOCAL
Número de chamada B52 BS0003537
100 1# - ENTRADA PRINCIPAL--NOME PESSOAL
Nome pessoal Magnoli, D.
245 1# - TÍTULO
Título A hora e a história /
260 3# - PUBLICAÇÃO, DISTRIBUIÇÃO, ETC.
Local de publicação, distribuição, etc. São Paulo, SP:
Nome do editor, distribuidor, etc. Três Estrelas,
Data da publicação, distribuição, etc. 2015.
300 ## - DESCRIÇÃO FÍSICA
Extensão 287 p.
520 3# - NOTA DE RESUMO, ETC
Resumo, etc. Os acontecimentos políticos decisivos do Brasil e do mundo na última década são o objeto de reflexão e análise de A hora e a história. O livro reúne os principais textos escritos para a imprensa pelo sociólogo Demétrio Magnoli, um dos mais lúcidos colunistas do país. O autor analisa temas atuais da política que vão dos descaminhos da esquerda petista no Brasil à ascensão das direitas na Europa. Independência crítica, solidez intelectual e vigor polêmico marcam os artigos, que foram publicados originalmente nos jornais Folha de S.Paulo, O Globo e O Estado de S. Paulo. Magnoli analisa episódios ocorridos entre 2004 e 2015 e que continuam afetando a vida brasileira e internacional, tais como o lulopetismo, a corrupção em empresas estatais, o debate das cotas raciais, a persistência do populismo latino-americano, a crise do mundo árabe e o recrudescimento do terrorismo jihadista. Feitas no calor da hora, as colunas permanecem uma leitura essencial a todos os que desejam ampliar sua reflexão política e compreender os elos entre o presente e a história.
650 ## - ASSUNTO--TERMO TÓPICO
Cabeçalho tópico ou nome geográfico POLÍTICA
650 ## - ASSUNTO--TERMO TÓPICO
Cabeçalho tópico ou nome geográfico JORNALISMO
650 ## - ASSUNTO--TERMO TÓPICO
Cabeçalho tópico ou nome geográfico POLÍTICA INTERNACIONAL
909 ## -
-- 202304
-- Sergio Santos
-- 56
-- Sergio Santos
942 ## - ELEMENTOS DE ENTRADA ADICIONADOS (KOHA)
Tipo de material Koha Livros
Exemplares
Situação do descarte Fonte da classificação ou esquema de arquivamento na estante Situação física Não pode ser emprestado Coleção Biblioteca de origem Biblioteca atual Total de empréstimos Número de telefone completo Código de barras Data de último acesso Número do exemplar Tipo de material Koha Situação das perdas Data de aquisição Fonte de aquisição Qualificador de local codificado
  Classificação AGRIS     Acervo Cultural Biblioteca Nacional de Agricultura - Binagri Biblioteca Nacional de Agricultura - Binagri   B52 BS0003537 B52 BS0003537 12/04/2023 01 Livros   2023-04-04 Doação B52

BINAGRI

Telefone: (61)3218-2567/2388/3357/2097 - binagri@agro.gov.br

Ministério da Agricultura e Pecuária , Esplanada dos Ministérios, Bloco D, Anexo B, Brasília/DF, CEP: 70.043-900